000 00462nam a2200181Ia 4500
001 12882
005 20260306163013.0
008 260306t1996||||xx |||||||||||||| ||spa||
041 _aESP
082 _aRD 423.61
_bM12
100 _aMcDermott, Annella
_eAUT
245 0 _aDiccionario Oxford avanzado:
_bpara estudiantes de inglés
260 _c1996
300 _a1306 páginas :
_cvi, 23 cm.
650 _aGEN
654 _aCHU
942 _cDIC
_dJUS
_fJUS
_2ddc
_n
999 _c12882
_d12882